000 03742cam a22012614i 4500
003 PE-LiUPU
005 20250813185557.0
008 150706s r 000 0 d
020 _a9788480638777
035 _a(Sirsi) i9788480638777
040 _aPE-LiUPU
_bspa
_cPE-LiUPU
_erda
049 _aPRUA
082 0 4 _a370.1
_bB24
_221
100 1 _aDe Bartolomeis, Francesco,
_eautor.
245 1 0 _aReflexiones en torno al sistema formativo /
_cFrancesco de Bartolomeis ; [traducción, Sonia Pomares Caminals].
264 1 _aBarcelona :
_bOctaedro,
_c2007.
300 _a156 páginas ;
_c23 centímetros
336 _atext
_2rdacontent
337 _aunmediated
_2rdamedia
338 _avolume
_2rdacarrier
490 0 _aRecursos ;
_v70
500 _aTraducción de: Riflesioni intorno al sistema formativo.
505 0 _aLa diversificación de las figuras profesionales en la formación -- Relación enseñanza-aprendizaje: dos modelos contrastados -- La investigación como producción cultural -- Documentación -- Metodología de la investigación en situación formativa -- El trabajo en grupo -- Nueva evaluación para una nueva educación -- Por qué evaluar y qué evaluar -- Tres esquemas guía para observaciones sistemáticas -- Por qué cuatro fichas en lugar de una -- Introducción a la ficha 4: evaluación del alumno.
526 _aP202
526 _aP201
526 _aP163
526 _aP162
526 _aP161
526 _aP160
526 _aP148
526 _aP147
526 _aP146
526 _aP145
526 _aP144
526 _aP143
526 _aP142
526 _aP141
526 _aP140
526 _aP139
526 _aP138
526 _aP137
526 _aP136
526 _aP135
526 _aP134
526 _aP133
526 _aP129
526 _aP128
526 _aP127
526 _aP120
526 _aP119
526 _aP118
526 _aP116
526 _aP115
526 _aP114
526 _aP110
526 _aP109
526 _aP108
526 _aP104
526 _aP103
526 _aP102
526 _aP99
526 _aP98
526 _aP97
526 _aP96
526 _aP95
526 _aP93
526 _aP90
526 _aP89
526 _aP88
526 _aP83
526 _aP82
526 _aP62
526 _aP59
526 _aP58
526 _aP57
526 _aP51
526 _aP49
526 _aP48
526 _aP47
526 _aP29
526 _aP24
526 _aP20
526 _aP19
526 _aP17
526 _aP15
526 _aP14
526 _aP12
526 _aP10
526 _aP09
526 _aP08
526 _aP07
526 _aP06
526 _aP05
526 _aP04
526 _aP01
541 _g001-0031672;
650 0 4 _aEstrategias de aprendizaje.
_91523
650 0 4 _aEvaluación educativa
_xMetodología.
650 0 4 _aPedagogía
_xMetodología.
650 0 4 _aTrabajo en grupo en la educación
_xMetodología.
700 1 _aPomares Caminals, Sonia,
_etr.
910 _bjv
_cjvm
_d20100813
942 _2ddc
_cBOOK
949 _aPGE 370.1 B24
_wDEWEY
_c1
_i61996
_lCCODEBUL1
_mBUL
_p25.00
_r0
_sY
_tBOOK
_u2015-7-6
_xEDUCACION
_PP57
_0COMPRA
_o.CIRCNOTE. No olvidar cambiar la fecha de devolución!!!!!!!
_o.STAFF. Colección General
994 _aC0
_bPEPRU
596 _a1
999 _aPGE 370.1 B24
_wDEWEY
_c51108
_i61996
_f2021-11-8
_g5
_lCCODEBUL1
_mBUL
_p25.00
_r0
_sY
_tBOOK
_u2015-7-6
_xEDUCACION
_PP57
_0COMPRA
_o.CIRCNOTE. No olvidar cambiar la fecha de devolución!!!!!!!
_o.STAFF. Colección General
_d51108
980 _81
_gALBERTO SANCHEZ Responsable de Automatización